Gminy Powiatu Słupeckiego - Statystyki

Ogólne statystyki
  • Ten quiz został rozwiązany 47 razy
  • Średni wynik to 6 z 8
Statystyki odpowiedzi
Hint Odpowiedź % Poprawnych
miejska Słupca
100%
wiejska Słupca
100%
miejsko-wiejska Zagórów
80%
wiejska Strzałkowo
72%
wiejska Orchowo
64%
wiejska Powidz
64%
wiejska Lądek
60%
wiejska Ostrowite
60%
Nie znaleziono quizów pasujących do podanych kryteriów
Rozkład punktacji
Procent ludzi z każdym wynikiem
Percentyl według liczby udzielonych odpowiedzi
Twoja historia wyników
Nie rozwiązałeś tego quizu